000
00214 a2200097 4500
001
3437
100
_a
Turner, G B
245
_a
National securityin the nuclear Age.
260
_a
_b
Stevens
_c
090
_c
2706
_d
2706
942
_a
NUST-CAE
_c
M
_c
18958
999
_c
238510
_d
238510